Alphabetical Chain - Countries of Asia - Statistics

General Stats
  • This quiz has been taken 33 times
  • The average score is 27 of 46
Answer Stats
Answer % Correct
Afghanistan
100%
Nepal
100%
Saudi Arabia
100%
Laos
94%
Singapore
94%
Armenia
82%
Azerbaijan
82%
North Korea
82%
Bahrain
76%
Bhutan
76%
Georgia
76%
Pakistan
76%
Philippines
76%
Bangladesh
71%
India
71%
Oman
71%
Qatar
71%
Brunei
65%
Cambodia
65%
China
65%
Indonesia
65%
South Korea
65%
Cyprus
59%
Iran
59%
Sri Lanka
59%
Syria
59%
Malaysia
47%
Taiwan
47%
Tajikistan
47%
Vietnam
47%
Iraq
41%
Thailand
41%
Turkey
41%
Turkmenistan
41%
United Arab Emirates
41%
Uzbekistan
41%
Yemen
41%
Israel
35%
Japan
29%
Kazakhstan
29%
Kuwait
29%
Kyrgyzstan
29%
Lebanon
29%
Jordan
24%
Maldives
24%
Mongolia
24%
No matching quizzes found
Score Distribution
Percent of People with Each Score
Percentile by Number Answered
Your Score History
You have not taken this quiz